|
|
|
|
| LEADER |
00000cam a2200000 a 4500 |
| 001 |
5989 |
| 003 |
CZ-ZlUTB |
| 005 |
20190825232017.0 |
| 007 |
ta |
| 008 |
961217s1996 xr ab e 000 0 cze |
| 015 |
|
|
|a cnb000287311
|
| 020 |
|
|
|a 8085919109
|q (brož.) :
|c Kč 99,00
|
| 035 |
|
|
|a (OCoLC)39582356
|
| 040 |
|
|
|a ABA001
|b cze
|d ZLD002
|
| 043 |
|
|
|a e-sp---
|
| 072 |
|
7 |
|a 913(4)
|x Geografie Evropy, reálie, cestování
|2 Konspekt
|9 7
|
| 080 |
|
|
|a (460.32)
|2 MRF
|
| 080 |
|
|
|a (036)
|2 MRF
|
| 245 |
0 |
0 |
|a Ibiza ;
|b Formentera : průvodce
|
| 250 |
|
|
|a Vyd. 1.
|
| 260 |
|
|
|a Praha :
|b Vydavateslství Fischer,
|c c1996
|
| 300 |
|
|
|a 96 s. :
|b barev. il., mapy ;
|c 19 cm
|
| 500 |
|
|
|a Nad názvem: Fischer
|
| 651 |
|
7 |
|a Baleáry (Španělsko : souostroví)
|7 ge134043
|2 czenas
|
| 651 |
|
7 |
|a Ibiza (Baleáry : ostrov)
|7 ge131419
|2 czenas
|
| 651 |
|
7 |
|a Formentera (Baleáry : ostrov)
|7 ge129151
|2 czenas
|
| 651 |
|
9 |
|a Balearic Islands (Spain)
|2 eczenas
|
| 651 |
|
9 |
|a Ibiza Island (Balearic Islands)
|2 eczenas
|
| 651 |
|
9 |
|a Formentera Island (Balearic Islands)
|2 eczenas
|
| 655 |
|
7 |
|a průvodce
|7 fd133154
|2 czenas
|
| 655 |
|
9 |
|a guidebooks
|2 eczenas
|
| 710 |
2 |
|
|a Cestovní kancelář Fischer
|7 ko2002148960
|
| 740 |
0 |
2 |
|a Formentera
|
| 910 |
|
|
|a ZLD002
|
| 952 |
|
|
|0 0
|1 0
|4 0
|6 91ŠPANĚLSKO
|7 0
|8 BOOK
|9 9994
|a UTBZL
|b UTBZL
|c 006
|d 2006-07-29
|i 65834
|l 4
|o 91/ŠPANĚLSKO
|p 420010065834
|r 2019-08-25 00:00:00
|v 79.00
|w 2019-08-25
|x 20100831
|y 04
|
| 992 |
|
|
|a BK
|b SK
|d 4
|
| 901 |
|
|
|o 19980506
|f 1. vyd.
|g ISBN uvedeno pouze na titulním listu
|
| 998 |
|
|
|a 000946870
|
| 999 |
|
|
|c 5989
|d 5989
|